[Event "SVK-ch U12"]
[Site "Tatralandia"]
[Date "2024.04.11"]
[Round "8"]
[White "Ropovik, Marko"]
[Black "Kopecny, Filip"]
[Result "0-1"]
[WhiteElo "1528"]
[BlackElo "1879"]
[PlyCount "54"]
[EventDate "2024.04.05"]
[EventType "swiss"]
[EventRounds "9"]
[EventCountry "SVK"]
[SourceTitle "CBM 219 Extra"]
[Source "ChessBase"]
[SourceDate "2024.05.31"]
[SourceVersion "1"]
[SourceVersionDate "2024.05.31"]
[SourceQuality "1"]

1. e4 c5 2. Nf3 e6 3. d4 cxd4 4. c3 Nf6 5. e5 Nd5 6. cxd4 Nc6 7. Bd2 Be7 8. Nc3 d6 9. Bb5 0-0 10. Qa4 Bd7 11. Qc2 dxe5 12. Nxd5 exd5 13. Bxc6 Bxc6 14. Nxe5 Rc8 15. Qb3 Bd6 16. Nxc6 bxc6 17. 0-0 Qh4 18. h3 Qxd4 19. Be3 Qf6 20. Qc2 Qe5 21. g3 Qh5 22. Kh2 f5 23. f4 Rfe8 24. Rae1 Bb4 25. Qe2 Qxe2+ 26. Rxe2 d4 27. a3 Ba5 0-1

[Event "SVK-ch U12"]
[Site "Tatralandia"]
[Date "2024.04.10"]
[Round "7"]
[White "Janovicek, Lukas"]
[Black "Ropovik, Marko"]
[Result "0-1"]
[WhiteElo "1658"]
[BlackElo "1528"]
[PlyCount "56"]
[EventDate "2024.04.05"]
[EventType "swiss"]
[EventRounds "9"]
[EventCountry "SVK"]
[SourceTitle "CBM 219 Extra"]
[Source "ChessBase"]
[SourceDate "2024.05.31"]
[SourceVersion "1"]
[SourceVersionDate "2024.05.31"]
[SourceQuality "1"]

1. e4 e5 2. Nf3 Nc6 3. Bc4 Nf6 4. Ng5 d5 5. exd5 b5 6. dxc6 bxc4 7. Nc3 Bc5 8. h3 0-0 9. 0-0 h6 10. Nge4 Nxe4 11. Nxe4 Bb6 12. Nc3 Qd6 13. Qf3 Be6 14. Re1 f5 15. d3 e4 16. Qf4 Qxc6 17. dxc4 Qxc4 18. Qg3 Rf6 19. Bf4 Kh7 20. Be3 c5 21. Rad1 Rc8 22. Qd6 Bc7 23. Qd2 f4 24. Nxe4 Qxe4 25. Bxc5 Qb7 26. b3 Bxh3 27. gxh3 Rg6+ 28. Kf1 Qb5+ 0-1

[Event "SVK-ch U12"]
[Site "Tatralandia"]
[Date "2024.04.07"]
[Round "4"]
[White "Ropovik, Marko"]
[Black "Ksenzigh, Adam"]
[Result "1/2-1/2"]
[WhiteElo "1528"]
[BlackElo "1547"]
[PlyCount "99"]
[EventDate "2024.04.05"]
[EventType "swiss"]
[EventRounds "9"]
[EventCountry "SVK"]
[SourceTitle "CBM 219 Extra"]
[Source "ChessBase"]
[SourceDate "2024.05.31"]
[SourceVersion "1"]
[SourceVersionDate "2024.05.31"]
[SourceQuality "1"]

1. e4 e5 2. Nf3 d6 3. d4 Bg4 4. h3 Bxf3 5. Qxf3 exd4 6. Bc4 Nf6 7. Qb3 b6 8. Bxf7+ Kd7 9. Qe6+ Kc6 10. e5 Kb7 11. exf6 gxf6 12. Qe4+ c6 13. Qe8 Qc7 14. 0-0 Nd7 15. Qe4 Nc5 16. Qxd4 Qxf7 17. Bd2 Rg8 18. Bc3 Qg6 19. g3 Bg7 20. Qxd6 Rad8 21. Qf4 Rgf8 22. Re1 Bh6 23. Re7+ Rd7 24. Rxd7+ Nxd7 25. Qd6 Qe8 26. Na3 Rf7 27. Re1 Qc8 28. Qe6 Rg7 29. Bxf6 Rg6 30. Rd1 Nxf6 31. Qe7+ Qc7 32. Qe2 Rg7 33. Nc4 Rd7 34. Re1 Bf8 35. Qf3 Bg7 36. Qf5 Rd5 37. Qe6 Qd7 38. Qe7 Qxe7 39. Rxe7+ Rd7 40. Rxd7+ Nxd7 41. c3 Ne5 42. Nxe5 Bxe5 43. Kg2 a5 44. Kf3 b5 45. Ke4 Bh8 46. f4 b4 47. cxb4 axb4 48. b3 Kb6 49. g4 Kc5 50. f5 1/2-1/2

[Event "SVK-ch U12"]
[Site "Tatralandia"]
[Date "2024.04.06"]
[Round "2"]
[White "Ropovik, Marko"]
[Black "Bittner, Samuel"]
[Result "1-0"]
[WhiteElo "1528"]
[BlackElo "1612"]
[PlyCount "33"]
[EventDate "2024.04.05"]
[EventType "swiss"]
[EventRounds "9"]
[EventCountry "SVK"]
[SourceTitle "CBM 219 Extra"]
[Source "ChessBase"]
[SourceDate "2024.05.31"]
[SourceVersion "1"]
[SourceVersionDate "2024.05.31"]
[SourceQuality "1"]

1. e4 e5 2. Nf3 Nc6 3. Nc3 Nf6 4. d4 exd4 5. Nxd4 Nxd4 6. Qxd4 d6 7. Bg5 Be7 8. Bc4 Be6 9. Bxe6 fxe6 10. e5 Nd7 11. Bxe7 Qxe7 12. exd6 cxd6 13. 0-0-0 d5 14. Nxd5 Qg5+ 15. Ne3 Nf6 16. Kb1 e5 17. Qd6 1-0